000 01082nam a2200277 a 4500
001 BRCA_2302
005 20190320203741.0
008 190808s2001----sp-a---###---#000-0#spa-#
020 _a8489142130
041 _aspa
044 _asp
050 4 _aZ271
_b.S33 2001
100 1 _aSabrel, M.
_96892
245 1 0 _aManual completo del encuadernador
_bteórico y práctico : descripción de las máquinas y procedimientos modernos y antiguos
_cpor M. Sabrel.
250 _a3
260 _aMadrid
_bClan
_c[2001]
300 _a275 p.
_bil.
_c25 cm.
440 0 _aColección aprendiz
_v1
_96893
500 _aContiene el modo de alzar, satinar, glacear, plegar, coser, cortar, encuadernar de varias maneras, jaspear y dorar los cortes y las pieles, preparación de colores y ácidos, dorar y hacer relieves con planchas en los lomos y cubiertas, etc.
500 _aEjemplar engargolado
500 _aPor política no se presta a domicilio
650 1 4 _aEncuadernación
_xManuales, etc.
_96894
650 1 4 _aEncuadernadores
_xManuales, etc.
_96895
902 _aeng
942 _2lcc
_cB
999 _c2047
_d2047